000 00382nam a2200133Ia 4500
005 20260326100032.0
008 260326s9999||||xx |||||||||||||| ||und||
100 _aBiblioteca del V Centenario
245 0 _aCulturas indígenas de los Andes septentrionales /
_cBiblioteca del V Centenario
260 _bBiblioteca del V Centenario
300 _a251 p.
650 _aARTE
942 _cBK
999 _c6654
_d6654